MARC

LEADER 00000nam0a2200000 4500
001 371104
005 20260219102922.0
035 |a (RuTPU)RU\TPU\retro\28514 
035 |a RU\TPU\retro\25249 
090 |a 371104 
100 |a 20220916d1977 k y0rusy50 ca 
101 0 |a rus 
102 |a RU 
105 |a a z 001zy 
200 1 |a Химия и практическое применение кремний- и фосфорорганических соединений  |e межвузовский сборник научных трудов  |f Ленинградский технологический институт им. Ленсовета ;гл. ред. Б. И. Ионин 
210 |a Ленинград  |c [Б. и.]  |d 1977 
215 |a 160 с.  |c ил. 
320 |a Библиогр. в конце статей 
606 1 |a Органические соединения  |x Классификация  |2 stltpush  |3 (RuTPU)RU\TPU\subj\75801  |9 87397 
610 1 |a кремнийорганические соединения 
610 1 |a фосфорорганические соединения 
610 1 |a химия 
610 1 |a применение 
610 1 |a спирофосфораны 
610 1 |a стереоизомерия 
610 1 |a фосфорсодержащие арилазиды 
610 1 |a фосфорорганические нитросоединения 
610 1 |a нитросодержащие фосфоланы 
610 1 |a фосфорорганические антипирены 
675 |a 547.1  |v 4 
702 1 |a Ионин  |b Б. И.  |4 651 
712 0 2 |a Ленинградский технологический институт им. Ленсовета  |c 1946-1993  |2 stltpush  |3 (RuTPU)RU\TPU\col\1462  |9 23567 
801 1 |a RU  |b 63413507  |c 20220324 
801 2 |a RU  |b 63413507  |c 20220916  |g RCR 
942 |c BK